Leadership Managing in Real Organizations

Guardado en:
Detalles Bibliográficos
Autor principal: Sayles, Leonard R.
Formato: Libro
Lenguaje:inglés
Publicado: New York MacGraw-Hill Book Co. 1989
Edición:2. ed.
Etiquetas: Agregar Etiqueta
Sin Etiquetas, Sea el primero en etiquetar este registro!

MARC

LEADER 00000nam a2200000 4500
001 c025137
005 20221215114050.5
041 0 |a eng 
044 |a US 
245 1 0 |a Leadership  |b Managing in Real Organizations  |c Leonard R. Sayles 
250 |a 2. ed. 
264 1 |a New York  |b MacGraw-Hill Book Co.  |c 1989 
300 |a 310 s. 
100 1 |a Sayles, Leonard R.